000 00789nam a2200253Ia 4500
003 OSt
005 20220926010251.0
006 a|||||r|||| 00| 0
007 ta
008 220923b |||||||| |||| 00| 0 eng d
037 _cGeneral Book
040 _aRTL
_cRTL
_beng
041 _2eng
_aeng
082 _aY9(Z).2.C, M0
100 _aSingh Nagendra
245 0 _aJuristic concepts of ancient Indian policy
260 _a New Delhi
_bVision Books
_c1980
300 _a200p
_ccm.
490 _aB N Rau Memorial Lecturers; 4. 1979. Institute of Constitutional and Parliamentary Studies Publication
500 _aBibliography: P 185-87
650 _aSociology of Law
_9230017
942 _hY9(Z).2.C, M0
_cGB
_2CC
999 _c616856
_d616856